000 00604nam a2200217 a 4500
005 20210219152824.0
008 991125n 000 0 eng u
035 _aUPN01000062378
100 _aDunn, Caroline
222 _aDIAGNOSTIQUE
245 _aA validation study of the Detroit tests of learning aptitude-primary : second edition
300 _a266-272
362 _a1992 17, no. 4
653 0 _aPRUEBA COGNITIVA
653 0 _aPRUEBAS DE APTITUD
653 0 _aPRUEBAS DE VALIDACION
700 _aMcGhee, Ron
700 _aBryant, Brian R.
904 _aAC
_b000189
905 _aArticulo
999 _c61693
_d61693